Rivers: guess the country - Statistics

General Stats
  • This quiz has been taken 20 times
  • The average score is 11 of 20
Answer Stats
River Country % Correct
Suriname Suriname
100%
Ankara Turkey
100%
Gudbrandsdalslågen Norway
84%
Lena Russia
84%
North Platte USA
79%
Loiret France
74%
Waikato New Zealand
74%
Qom Iran
68%
Sonora Mexico
63%
Tocantins Brazil
58%
Taedong North Korea
58%
Tonle Sap Cambodia
53%
Ialomița Romania
47%
Andranotsimisiamalona Madagascar
37%
Velika Morava Serbia
37%
Ongueringão Guinea-Bissau
26%
Surkhandarya Uzbekistan
26%
Šventoji Lithuania
21%
Pasig Philippines
16%
Great Ruaha Tanzania
16%
No matching quizzes found
Score Distribution
Percent of People with Each Score
Percentile by Number Answered
Your Score History
You have not taken this quiz